Digital hardware design (Record no. 67125)

000 -LEADER
fixed length control field 00437nam a22001697a 4500
003 - CONTROL NUMBER IDENTIFIER
control field NUST - PNEC
005 - DATE AND TIME OF LATEST TRANSACTION
control field 20170116181012.0
008 - FIXED-LENGTH DATA ELEMENTS--GENERAL INFORMATION
fixed length control field 150912b xxu||||| |||| 00| 0 eng d
020 ## - INTERNATIONAL STANDARD BOOK NUMBER
International Standard Book Number 0070491321
040 ## - CATALOGING SOURCE
Transcribing agency LIBRARY
082 ## - DEWEY DECIMAL CLASSIFICATION NUMBER
Classification number 621.3819582 PEA
100 ## - MAIN ENTRY--PERSONAL NAME
9 (RLIN) 9326
Personal name Peatman, John B.
245 ## - TITLE STATEMENT
Title Digital hardware design
Statement of responsibility, etc. John B. Peatman
260 ## - PUBLICATION, DISTRIBUTION, ETC.
Date of publication, distribution, etc. c.1980
650 ## - SUBJECT ADDED ENTRY--TOPICAL TERM
9 (RLIN) 10237
General subdivision EL, MIS
Topical term or geographic name entry element Digital electronics
942 ## - ADDED ENTRY ELEMENTS (KOHA)
Source of classification or shelving scheme
Koha item type Book
Holdings
Withdrawn status Lost status Source of classification or shelving scheme Damaged status Not for loan Permanent Location Current Location Shelving location Date acquired Total Checkouts Full call number Barcode Date last seen Price effective from Koha item type
          Pakistan Navy Engineering College (PNEC) Pakistan Navy Engineering College (PNEC)       621.3819582 PEA PNECLIB-011197 09/13/2015   Book
          Pakistan Navy Engineering College (PNEC) Pakistan Navy Engineering College (PNEC)       621.3819582 PEA PNECLIB-011198 09/19/2015   Book
© 2023 Central Library, National University of Sciences and Technology. All Rights Reserved.